| 000 | 00650nam a2200205 a 4500 | ||
|---|---|---|---|
| 001 | 000022786 | ||
| 005 | 20200930021809.0 | ||
| 008 | 101118s1998 sp 000 0 spa d | ||
| 020 | _a8477370680 | ||
| 040 |
_aDO-SdBNP _bspa _cBNPHU |
||
| 082 |
_axxx _bE18f |
||
| 100 | 1 |
_aEchevarría, Miguel Ángel _946820 |
|
| 245 | 1 | 0 |
_aFlandes y la monarquía hispánica 1500-1713 / _cMiguel Ángel Echevarría. |
| 260 |
_aMadrid : _bSílex, _c1998. |
||
| 300 |
_a435 p. ; _c25 cm. |
||
| 500 | _aIncluye índice onomástico | ||
| 500 | _aIncluye datos biográficos del autor en la solapa de la cubierta | ||
| 504 | _aBibliografía : 399-416 | ||
| 049 | _aBNPD | ||
| 999 |
_c22283 _d22283 |
||